Estatísticas para Bandeiras da Ásia

Clique aqui para jogar o quiz

Estatísticas Gerais

  • Esse quiz foi jogado 11 171 vezes
  • A pontuação média é 35 de 48

Estatísticas das Respostas

Resposta% Correto
China
100%
Coreia do Sul
96%
Israel
96%
Japão
96%
Índia
94%
Turquia
92%
Arábia Saudita
90%
Chipre
87%
Nepal
86%
Vietname
86%
Coreia do Norte
85%
Líbano
85%
Irão
84%
Bangladesh
81%
Butão
81%
Catar
79%
Geórgia
79%
Iraque
79%
Malásia
77%
Paquistão
77%
Indonésia
74%
Síria
74%
Sri Lanka
74%
Filipinas
73%
Singapura
73%
Tailândia
73%
Cazaquistão
71%
Camboja
70%
Emirados Árabes Unidos
70%
Laos
68%
Taiwan
67%
Afeganistão
65%
Armênia
65%
Azerbaijão
64%
Bahrein
63%
Birmânia
61%
Mongólia
61%
Turquemenistão
61%
Uzbequistão
61%
Jordânia
60%
Quirguistão
60%
Brunei
59%
Iémen
58%
Kuweit
57%
Timor-Leste
57%
Maldivas
56%
Omã
54%
Tajiquistão
49%

Distribuição das Pontuações

Percentil de Números Respondidos

Porcentagem de Pessoas com Cada Pontuação

Sua Pontuação Histórica

Você não jogou esse quiz